000
00320nam a22001457a 4500
008
231012b ||||| |||| 00| 0 eng d
020
_a
1560230479
041
_a
eng
080
_a
618
082
_a
618MER
100
_a
19
101
_a
ASTRO
245
_a
THE POLITICS OF PREGNANCY
_c
MERRICK .C.J
942
_2
udc
_c
BK
999
_c
60441
_d
60441